=LDR 00000nam 2200000 4500 =001 INLIS000000000021984 =005 20130612120804 =008 ***********************************Ind** =035 ##$$0010-061300000021984 =041 ##$$a Ind =082 ##$$a F Rom D =090 ##$$a F Rom D, Lin-k =100 ##$$a LINGGASARI, Dewi =245 ##$$a Kapak, Dewi Linggasasri =260 ##$$a 2005 $b Yogyakarta =300 ##$$a 136 hlm., 21 cm =650 ##$$a Fiksi Dewasa =850 ##$$a NBPNMAT =990 ##$$a 0001/BPAP-NTB/2016